| 000 | 00343nam a2200145Ia 4500 | ||
|---|---|---|---|
| 008 | 230917s9999||||xx |||||||||||||| ||und|| | ||
| 040 |
_e147807 _aMAIN |
||
| 041 | _aEnglish | ||
| 082 | _a657.95 M277C | ||
| 100 | _aMaheshwari, S N | ||
| 245 | 0 | _aCorporate accounting | |
| 260 |
_aNew Delhi _bVikas _c1995 |
||
| 300 | _a.243p. p. | ||
| 942 | _cBK | ||
| 999 |
_c98529 _d98529 |
||